| 000 | 01225cam a2200265 4500 | ||
|---|---|---|---|
| 001 | X113024 | ||
| 008 | 000000n2001 000 0 eng u | ||
| 035 | _a(Sirsi) u113024 | ||
| 100 | _aBrewer, G. | ||
| 245 | _aInterpretation of insurance and liability provisions in JCT forms | ||
| 260 | _c2001 | ||
| 490 |
_aContract Journal _v408(6328)23 May 2001, 25(1) |
||
| 520 | _aConsiders contractor's negligence liability for fire damage on employers' premises and recent interpretation of the JCT provisions. Concludes that contractors will be held responsible for their own negligence and cannot take advantage of employers' insurance against fire damage. | ||
| 650 | _aBUILT ENVIRONMENT-BUILDING CONTRACT FORMS-STANDARD FORMS OF BUILDING CONTRACT-JOINT CONTRACTS TRIBNUAL CONTRACTS | ||
| 650 | _aNEGLIGENCE | ||
| 650 | _aFIRE DAMAGE | ||
| 650 | _aINSURANCE PROVISIONS | ||
| 650 | _aLIABILITY | ||
| 650 | _aSCOTTISH AND NEWCASTLE PLC V GD CONSTRUCTION (ST ALBANS) LTD | ||
| 650 | _aBT V JAMES THOMSON & SONS | ||
| 650 | _aKRUGER TISSUE (INDUSTRIAL) V FRANK GALLIERS | ||
| 650 | _aBARKING AND DAGENHAM LBC V STAMFORD ASPHALT CO LTD | ||
| 690 | _aBUILDING AND CONSTRUCTION-CONTRACTS-JCT CONTRACTS | ||
| 942 | _n0 | ||
| 999 |
_c67271 _d67271 |
||